تحميل...

Tall tales about the mind and brain : separating fact from fiction /

Does listening to Mozart make us more intelligent? Is there such a thing as a gay gene? Does the size of the brain matter? Does the moon influence our behaviour? Can we communicate with the dead? Can graphology tell us anything about a person's character? Is the human brain clonable? What role...

وصف كامل

التفاصيل البيبلوغرافية
مؤلفون آخرون: Della Sala, Sergio
التنسيق: Printed Book
اللغة:English
منشور في: Oxford : Oxford University Press, 2007.
الطبعة:1st ed.
الموضوعات:
الوصول للمادة أونلاين:http://www.columbia.edu/cgi-bin/cul/resolve?clio11440735
LEADER 02761cam a22002774a 4500
008 060925t2007 enk sb 001 0 eng d
020 |a 9780198568766 (hardback : alk. paper) 
020 |a 9780198568773 (pbk. : alk. paper)  |c Rs. 325.00 
082 |a 612.82 
210 1 0 |a Tall tales about the mind and brain separating fact from fiction 
245 0 0 |a Tall tales about the mind and brain :   |c edited by Sergio Della Sala.  |b separating fact from fiction / 
250 |a 1st ed. 
260 |a Oxford :  |b Oxford University Press,  |c 2007. 
504 |a Includes bibliographical references and index. 
506 |a License restrictions may limit access. 
520 |a Does listening to Mozart make us more intelligent? Is there such a thing as a gay gene? Does the size of the brain matter? Does the moon influence our behaviour? Can we communicate with the dead? Can graphology tell us anything about a person's character? Is the human brain clonable? What role do dreams have in cognition? Can mind conquer matter and diseases? Are out-of-body experiences possible? Can we trust our intuitions? To some, the answer to all these questions might well be a resounding 'no', but to many people these represent serious beliefs about the mind and brain - beliefs that drive their everyday behaviour, beliefs that cost them huge amounts of money. Whole industries have developed founded on these dubious claims about the mind and brain. Even major corporations have dabbled with assessment methods such as those advocated by graphology, accepting and rejecting candidates on the basic of their handwriting. Expectant parents buy books and tapes by the dozen showing them how to improve the intelligence of their child by playing them classical music. People subscribe to expensive therapies founded on beliefs rather than science, or risk their health buying books that tell them how they can conquer illness through positive thinking, perhaps at the expense of more scientifically proven treatments. Tall Tales about the Mind and Brain presents a sweeping survey of common myths about the mind and brain. In a lighthearted and accessible style, it exposes the truth behind these beliefs, how they are perpetuated, why people believe them, and why they might even exist in the first place. 
650 0 |a Brain  |v Miscellanea. 
650 0 |a Neurosciences  |v Miscellanea. 
650 0 |a Tall tales. 
700 1 |a Della Sala, Sergio. 
773 0 |t Oxford Scholarship Online Psychology 
856 4 0 |u http://www.columbia.edu/cgi-bin/cul/resolve?clio11440735 
910 |a Library of Congress record 
942 |c BK 
999 |c 274329  |d 274329 
952 |0 0  |1 0  |2 ddc  |4 0  |6 612_820000000000000_TAL  |7 0  |9 308699  |a PHL  |b PHL  |c ST1  |d 2015-02-05  |g 325.00  |i 4467  |l 0  |o 612.82 TAL  |p PHL4467  |r 2015-02-05  |y BK